000
00249nam a22000977a 4500
008
221207b |||||||| |||| 00| 0 eng d
020
_a
9780099546689
100
_a
SCHAMA SIMON
_9
7166
245
_a
THE STORY OF THE JEWS
260
_a
LONDON
_b
VINTAGE BOOKS
999
_c
12190
_d
12190